000 01322cam a2200325 4500
008 090401t1998 xxu||||| |||| 00| 0 eng d
020 _a0953346404
035 _a(Sirsi) u88246
041 _aeng
050 _a347.4107
100 _aEaton, Tim
245 _aAdjudication in construction contracts - the basics : a guide to the statutory adjudication of disputes arising under construction contracts and related professional service agreements.
260 _aThe Lizard, Cornwall
_bThe author
_c1998
300 _axvi,126p. ; 21cm.
350 _a15
500 _aAvailable from the author at Wartha Manor, The Lizard, Cornwall, TR1 7NR - phone/fax 01326 290084 - e-mail [email protected].
650 _aCEDR RULES FOR ADJUDICATION
650 _aCIC MODEL ADJUDICATION PROCEDURE
650 _aBUILT ENVIRONMENT-BUILDING CONTRACT FORMS
650 _aCONSTRUCTION INDUSTRY
650 _aDISPUTE RESOLUTION
_96236
650 _aHOUSING GRANTS CONSTRUCTION AND REGENERATION ACT 1996
650 _aICE ADJUDICATION PROCEDURE
650 _aJCT ADJUDICATION RULES
650 _aORSA ADJUDICATION RULES
650 _aSCHEME FOR CONSTRUCTION CONTRACTS
690 _aMANAGEMENT-DISPUTE AVOIDANCE, MANAGEMENT AND RESOLUTION-DISPUTE MANAGEMENT AND RESOLUTION-ARBITRATION
942 _n0
948 _c02/09/1998
999 _c97304
_d97304